| 000 | 01569nam a2200421 c 4500 | ||
|---|---|---|---|
| 001 | 24810 | ||
| 003 | ES-MaCES | ||
| 005 | 20260113103109.0 | ||
| 008 | 121221s2011 sp t 000 | spa d | ||
| 020 | _a9789505578917 | ||
| 035 | _aCES20120008244m | ||
| 040 |
_aES-MaCES _bspa _cES-MaCES |
||
| 041 | 1 |
_aspa _heng |
|
| 100 | 1 |
_aMangabeira Unger, Roberto _917385 |
|
| 245 | 1 | 3 |
_aLa reinvención del libre comercio _b: la división mundial del trabajo y el método de la economía _cRoberto Mangabeira Unger ; [trad., Silvia Villegas ; rev. de trad., Alicia Lewczuk, Gabriel Saez] |
| 250 | _a1ª ed. en esp | ||
| 260 |
_aMadrid _bFondo de Cultura Económica _c2011 |
||
| 300 |
_a280 p. _c21 cm |
||
| 490 | 1 | _aEconomía | |
| 500 | _aÍndices | ||
| 500 | _aTraducción de: Free trade reimagined, the world division of labor and the method of economics | ||
| 541 | _cCompra | ||
| 650 | 4 |
_ateoría económica _927076 |
|
| 650 | 4 |
_adoctrina económica _927122 |
|
| 650 | 4 |
_aglobalización económica _930653 |
|
| 650 | 4 |
_adivisión internacional del trabajo _927968 |
|
| 650 | 4 |
_adivisión del trabajo _929376 |
|
| 650 | 4 |
_alibre comercio _928005 |
|
| 653 | 1 | 0 | _aEconomía |
| 700 | 1 |
_aSaez, Gabriel _ecol. _922985 |
|
| 700 | 1 |
_aLewczuk, Alicia _ecol. _916565 |
|
| 700 | 1 |
_aVillegas, Silvia _etr. _925957 |
|
| 740 | 0 | 2 | _aFree trade reimagined, the world division of labor and the method of economics |
| 830 | 0 |
_aSección de obras de Economía _934059 |
|
| 902 | _aLIB Libro | ||
| 942 |
_2CES _cBK _h0.0. |
||
| 999 |
_c24810 _d24810 |
||